| 000 | 00840nam a2200229 a 4500 | ||
|---|---|---|---|
| 005 | 20230524063916.0 | ||
| 008 | 040127s2003 mx r 000 0 spa d | ||
| 020 | _a9501261417 | ||
| 035 | _aUPN01000131555 | ||
| 049 | _aCG | ||
| 050 | 4 |
_aQA135.5 _bE5.8 |
|
| 245 | 0 | 0 |
_aEnseñar matemática en el nivel inicial y el primer ciclo de la E.G.B. : _banálisis y propuestas / _cOlga Bartolomé ... [et al.] ; comp. Mabel Panizza. |
| 260 |
_aBuenos Aires : _bPaidós, _c2003. |
||
| 300 | _a326 p. | ||
| 440 | 0 |
_aBiblioteca cuestiones de educación ; _v41 |
|
| 590 | _aBibliografía Básica (BGTQ) | ||
| 590 | _a(También localizas un ejemplar en el "Area de Reserva") | ||
| 650 | 4 |
_aMatemáticas _xEstudio y enseñanza (Elemental) _92809 |
|
| 700 | 1 |
_aBarolomé, Olga, _ecoaut. |
|
| 700 | 1 |
_aPanizza, Mabel, _ecomp. _931381 |
|
| 905 | _aLibro | ||
| 999 |
_c103710 _d103710 |
||